| 000 | 00544nam a22001577a 4500 | ||
|---|---|---|---|
| 003 | OSt | ||
| 005 | 20150913155909.0 | ||
| 008 | 150913b xxu||||| |||| 00| 0 eng d | ||
| 040 | _cRUA | ||
| 082 | _aAGR SIN 1998 B020 Or.1 | ||
| 100 |
_9408 _aSINGHA, CHHUN. |
||
| 245 | _aវិធីសាស្រ្តផ្សព្វផ្សាយកសិកម្មនៅខេត្តព្រៃវែង (agricultural exatension methodologies in preyveng) | ||
| 260 |
_aPhnom Penh _bRUA _c1998 |
||
| 300 |
_a54p. _bill. _c29cm. |
||
| 942 |
_2ddc _cAGR |
||
| 999 |
_c387 _d387 |
||